| 000 | 00863nam a2200217 i 4500 | ||
|---|---|---|---|
| 001 | 55933 | ||
| 003 | ES-MaACL | ||
| 005 | 20250815015310.0 | ||
| 007 | t| | ||
| 008 | 030930s1962 ck ||||1| spa d | ||
| 100 | 1 |
_aDíaz Díaz, Oswaldo. _944266 |
|
| 245 | 1 | 4 |
_aLos almeydas _b: episodios de la resistencia patriótica contra el ejército pacificador de tierra firme / _cOswaldo Díaz Díaz. |
| 260 |
_aBogotá : _bA.B.C., _c1962. |
||
| 300 |
_aXVI, 318 p., 24 lám. ; _c24 cm. |
||
| 490 | 1 |
_aAcademia columbia de la historia. Biblioteca de historia nacional ; _v99 |
|
| 600 | 3 | 4 |
_aAlmeydas (familia) _9168580 |
| 651 | 4 |
_aColombia- _xHistoria- _y1810-1822, Guerra de la Independencia. _98075 |
|
| 830 | 0 | 0 |
_aAcademia Columbia de la Historia. _pBiblioteca de historia nacional _v99 _9230366 |
| 852 |
_aES-MaACL _jC-22843 _bR.51677 |
||
| 999 |
_c55933 _d55933 |
||